| Record ID | ia:dasbuchhaithabud0000liec |
| Source | Internet Archive |
| Download MARC XML | https://archive.org/download/dasbuchhaithabud0000liec/dasbuchhaithabud0000liec_marc.xml |
| Download MARC binary | https://www.archive.org/download/dasbuchhaithabud0000liec/dasbuchhaithabud0000liec_meta.mrc |
LEADER: 01856cam 2200529 c 4500
001 ocm76189364
003 OCoLC
005 20220831052213.0
008 010320s1999 gw 000 0 ger
007 tu
040 $aGWDNB$bger$cGWDNB$dVP@$dDEBBG$dGWDNB$dOCLCO
015 $a01,A18,1555$2dnb
016 7 $a961168226$2DE-101
020 $a9783442446186
020 $a344244618X
020 $a3442443938
020 $a9783442443932
035 $a(OCoLC)76189364
043 $cXA-DE-SH$cXA
044 $cXA-DE
084 $a59$a810$a820$a830$a839$a840$a850$a860$a870$a880$a890$aB$qDE-101$2sdnb
084 $a16.5$qDE-101$2sswd
100 1 $aLieckfeld, Claus-Peter$d1948-$eVerfasser$4aut
245 14 $aDas Buch Haithabu$bdie Aufzeichnungen eines Mönchs aus der Wikingerzeit ; Roman$cClaus-Peter Lieckfeld
250 $aGenehmigte Ausg.
264 1 $a[München]$bGoldmann$c1999
300 $a443 S.$c19 cm
336 $aText$btxt$2rdacontent/ger
337 $aohne Hilfsmittel zu benutzen$bn$2rdamedia/ger
338 $aBand$bnc$2rdacarrier/ger
490 1 $aGoldmann$v44618
500 $aLizenz des Knaus-Verl., München
650 7 $aWikinger$2gnd
651 7 $aHaithabu$2gnd
651 7 $aHaithabu$zWikinger$yGeschichte 878-922$vBelletristische Darstellung.$2swd
648 7 $aGeschichte 878-922$2gnd
655 7 $aBelletristische Darstellung$2gnd
655 7 $0(DE-588)1071854844$0https://d-nb.info/gnd/1071854844$0(DE-101)1071854844$aFiktionale Darstellung$2gnd-content
655 7 $aBelletristische Darstellung.$2swd
830 0 $aGoldmann$v44618$w(DE-101)01079042X$w(DE-600)135758-X$7as
029 1 $aGWDNB$b961168226
029 1 $aGEBAY$b6242776
029 1 $aGEBAY$b6046733
029 1 $aDEBBG$bBV013237102
029 1 $aDEBBG$bBV012717595
994 $aZ0$bIME
948 $hNO HOLDINGS IN IME - 5 OTHER HOLDINGS